Responses for show #3950 - Friday, November 2, 2001

2001 Tournament of Champions final game 2.

Contestants

Rick Knutsen, a musician from Brooklyn, New York (subtotal of $3,000)

Brad Rutter, a network administrator from Lancaster, Pennsylvania (subtotal of $2,500)

Tad Carithers, an attorney from Atlanta, Georgia (subtotal of $1,300)

Jeopardy! Round responses

FOREIGN LEADERS QUIZ
2001 ENTERTAINMENT NEWS
FROM HERE TO MATERNITY
GANGSTER TALK
NEW YORK CITY
CLEAN 4-LETTER WORDS
    $100 4
Kuwait

Rick
    $100 15
Erin Brockovich

Tad
    $100 22
Fernand Lamaze

Rick
    $100 12
[Alex performed the clue with a '30s gangster accent.]

alibi

Rick
    $100 1
Bill Clinton

Tad
    $100 11
soap

Tad
    $200 7
(Brad: What is Serbia?)

Yugoslavia

BradRick
    $200 16
Nicole Kidman

Brad
    $200 23
amniotic fluid

Brad
    $200 13
[Alex performed the clue as James Cagney.]

alias

Brad
    $200 2
Rockefeller Center

Rick
    $200 20
the wash

Rick
    $300 8
Mexico (Vicente Fox)

Rick
    $300 17
Harrison Ford

Rick
    $300 26
umbilical cord

Brad
    $300 14
[Alex reads the clue in a James Cagney voice.]

a stool pigeon

Tad
    $300 3
Park Avenue

Brad
    $300 21
buff

Tad
    $400 9
Eduard Shevardnadze

Brad
    $1,600 18
The Producers

Rick
    $400 28
ultrasound

Tad
    $400 24
bootlegging

Tad
    $400 5
Bellevue Hospital

Rick
    $400 27
pure

Tad
    $500 10
Thabo Mbeki

Triple Stumper
    $500 19
Jon Bon Jovi

Brad
    $500 30
Apgar scale

Tad
    $500 25
Public Enemy

Tad
    $500 6
Far Rockaway

Tad
    $500 29
neat

Brad

Scores at the first commercial break (after clue 13):

Tad Brad Rick
$700 $700 $1,300

Scores at the end of the Jeopardy! Round:

Tad Brad Rick
$3,600 $2,400 $3,500

Double Jeopardy! Round responses

OBSCURE GEOGRAPHY
BEST ORIGINAL SCREENPLAY
(Alex: We'll give you Oscar-winning writers, you have to identify the film.)
LITERARY TRILOGIES
ALL-AMERICAN FOLKS
HANG "IN" THERE, BABY!
(Alex: Each correct response will begin with "IN".)
NOBEL LAUREATES SPEAK
(Alex: Since this is the centennial of the Nobel Prize this 2001, you are going to be hearing Nobel laureates speak the clues for us.)
    $200 2
(Tad: What is the Baltic?)

Black Sea

TadBrad
    $200 7
Citizen Kane

Rick
    $200 18
Guinevere

Rick
    $200 30
cowboy

Triple Stumper
    $200 16
indivisible

Brad
    $200 1
(Alex: [Introducing the clue] All right, we start off with a Nobel laureate from Caltech.)

DNA

Tad
    $400 12
(Rick: What is Mali?)

Chad

Rick
Triple Stumper
    $400 8
Shakespeare In Love

Rick
    $400 20
Virginia

Brad
    $400 29
(Rick: What is the USA Network?)

ABC (American Broadcasting Company)

Rick
Triple Stumper
    $400 17
injection

Tad
    $400 3
(Alex: [Introducing the clue] All right, someone from Caltech now.)

iron & sulphur

Tad
    $1,000 13
(Alex: Manx cats.)

Isle of Man

Brad
    $600 9
Almost Famous

Brad
    $600 21
Jean-Paul Sartre

Rick
    $700 26
[The picture was of Half-Dome at Yosemite.]

Ansel Adams

Brad
    $600 19
inbounds

Tad
    $600 4
(Alex: [Introducing the clue] Let's hear from someone at USC.)

pressure

Rick
    $800 14
(Rick: What is Angola?)

Mozambique

Rick
Triple Stumper
    $800 10
The Piano

Tad
    $800 24
Egypt

Rick
    $800 28
Williamson S. Stuckey

Rick
    $800 22
inner tube

Rick
    $800 5
(Alex: [Introducing the clue] Here's Dr. Baltimore again.)

virus

Brad
    $1000 15
Ekaterinburg

Brad
    $1000 11
On the Waterfront

Brad
    $1000 25
Orpheus

Brad
    $1000 27
(Alex: Less than a minute now.)

Glen Edwards

Tad
    $1000 23
ingenue

Rick
    $1000 6
(Alex: [Introducing the clue] All right, we'll go to UC Santa Barbara.)

Hans Krebs

Rick

Scores at the end of the Double Jeopardy! Round:

Tad Brad Rick
$6,800 $9,300 $8,300

[wagering suggestions for these scores]

Final Jeopardy! Round responses

U.S. PRESIDENTS
TadWhat are "so help me god"?
$0
RickWhat are preserve protect and defend?
$3,601
BradWhat is So Help Me God?
$7,801
"So Help Me God"

Final scores:

Tad Brad Rick
$6,800 $17,101 $4,699

Cumulative scores:

Tad Brad Rick
$8,100 $19,601 $7,699
1st runner-up: $15,000 Tournament champion: $100,000 2nd runner-up: $10,000

Game dynamics:

Coryat scores:

Tad Brad Rick
$6,800 $8,800 $7,100
17 R,
1 W
18 R
(including 2 DDs),
1 W
20 R
(including 1 DD),
3 W

Combined Coryat: $22,700

The J! Archive is created by fans, for fans. The Jeopardy! game show and all elements thereof, including but not limited to copyright and trademark thereto, are the property of Jeopardy Productions, Inc. and are protected under law. This website is not affiliated with, sponsored by, or operated by Jeopardy Productions, Inc. Join the discussion at JBoard.tv.